000
00278nam a2200121Ia 4500
008
190216s9999||||xx |||||||||||||| ||und||
100
_a
Charles Siegel
245
0
_a
Mastering Foxpro 2.5
260
_b
Bpb Publications
_c
1994
300
_a
956p
650
_a
Computer
942
_c
BK
999
_c
8565
_d
8565